MDQL
is popping MORE tags! Check the
thread
!
Quizzes
Events
Quiz Creation
Community
Videos
Private Events
Remove Ads
Sign In
Join for FREE
Feedback
Dark Mode
Quiz Categories
Sports
Geography
Music
Movies
Television
Just For Fun
Miscellaneous
History
Literature
Language
Science
Gaming
Entertainment
Religion
Holiday
For Kids
Quiz Lab
Recent
Popular Today
Quiz Kudos Today
Editor Picks
Curator Picks
Quizzes by...
Day
Popularity
Type
Ratings
Length
Year
Community
Subscriptions
Recent Discussions
Orange Saloon
Badges
Playlists
Quests
Create
Leaderboards
Showdown
Live 5
Trivia Bingo
Activity
Puzzle Library
Sporcle Events
Private Events
Virtual Trivia
Globe League
Become a Host
Pub Owners
SporcleCon
Opinionation
Our Games
Videos
Blog
Mobile Apps
Partnerships
Remove Ads and Go Orange
Feedback
Sports
Athletes
MLB
NBA
NHL
NFL
Soccer
Sports Teams
WWE
NCAA
Football
Premier League
Basketball
Baseball
Hockey
Golf
Tennis
Cricket
Rugby
Auto Racing
Olympics
World Cup
Sports
Athletes
MLB
NBA
NHL
NFL
Soccer
Sports Teams
WWE
NCAA
Football
Premier League
Basketball
Baseball
Hockey
Golf
Tennis
Cricket
Rugby
Auto Racing
Olympics
World Cup
Random Quiz
Search Sporcle
×
Quiz Lab
Quiz Lab
Sports
NBA
Type in answers that appear in a list
Type in answers that appear in a list
Classic
Best Score? Go Orange.
NBA Players of the Month ('01-'02 - Present) Stats
Can you name the NBA Players of the Month ('01-'02 - Present)?
By
FireYeti
10m
44 Questions
5,103 Plays
5,103 Plays
5,103 Plays
Comments
Comments
Give Quiz Kudos
Give Quiz Kudos
-
- Ratings
hide this ad
More Info
Replay
Link that replays current quiz
Next Quiz
Link to next quiz in quiz playlist
You Got
0%
They Got
Avg Score
69%
Avg Friend Score
Upgrade to see
Score Distribution
Jump to the score distribution portion of the page
Score
0/44
Timer
10:00
0
Plays Today
Selections
Player
% Correct
20
LeBron James
99.7%
15
Kobe Bryant
99.3%
6
Dwyane Wade
98.6%
8
Kevin Garnett
98.1%
6
Dirk Nowitzki
97.6%
5
Kevin Durant
97.2%
3
Carmelo Anthony
96.3%
6
Dwight Howard
96.2%
6
Chris Paul
94.1%
3
Steve Nash
90.5%
3
Paul Pierce
89.8%
2
Shaquille O'Neal
89.3%
3
Vince Carter
88.7%
3
Jermaine O'Neal
88.2%
2
Tim Duncan
87.7%
3
Tracy McGrady
87.6%
2
Derrick Rose
86.2%
2
Jason Kidd
84%
2
Allen Iverson
81%
2
Amare Stoudemire
78.5%
1
Chris Bosh
70.9%
2
Carlos Boozer
70.8%
Selections
Player
% Correct
1
Pau Gasol
69.8%
1
LaMarcus Aldridge
68%
2
Yao Ming
67.1%
3
Chris Webber
65.9%
1
Deron Williams
64.5%
1
Joe Johnson
63.9%
2
Chauncey Billups
62.6%
2
Shawn Marion
60.9%
1
Ben Wallace
59.5%
1
Baron Davis
57.1%
1
Gilbert Arenas
56.8%
1
Michael Redd
48.2%
1
Elton Brand
45%
1
Zach Randolph
44.9%
1
Peja Stojakovic
41.6%
1
Antoine Walker
40.3%
1
Kenyon Martin
40.2%
1
Lamar Odom
39.8%
1
Michael Finley
34.6%
1
Hedo Turkoglu
27.4%
1
Jamal Mashburn
23.4%
1
Jamaal Magloire
11.1%
Quiz Playlist
Details
Report
Send in Message
Add To Playlist
More Info:
*Players who received awards before and after the '01-'02 season only have their awards coming after counted.
Classic:
Type in answers that appear in a list
Quiz Source
Last Updated: Mar 7, 2018
Quiz Scoreboard
CHALLENGE
Sign Up to Join the Scoreboard
Show All
Scores
Hide
Comments
May contain spoilers
Recently Published
Two Season TV Shows II
by 123Four
Television
10m
Image Sorting: Flags VI
by Barbecue
Geography
2m
Find the 'City' Movie
by crazypaving
Movies
60s
More to Explore
Quiz From the Vault
Featured Blog Post
14 Easter Pick-up Lines to Find Eggs With
hide this ad
You Might Also Like...
Tags
Basketball Quiz
NBA Quiz
month
NBA Player
Player
present
selection
team
Today's Top Quizzes in Sports
Browse Sports
hide this ad
Today's Top Quizzes in NBA
Browse NBA
Top Contributed Quizzes in Sports
1
Les meilleurs buteurs des matchs entre le PSG et l’OM
2
Les entraîneurs de l'OM et du PSG au 21e siècle
3
2022 World Cup Stars
4
Les joueurs passés par le PSG et l'OM
5
Players with Multiple 50 Home Run Seasons
6
Criteria MLB: Left Handed Sluggers
7
FIFA Club World Cup Champions
8
Les joueurs passés par le LOSC et le RC Lens
9
NBA Logic Puzzle 2.0
10
Top 10 NHL Goal Scorers of All Time
Explore More
Trending Topics
Disney
Anime
Crossword
Kpop
NBA
Marvel
Harry Potter
The Office
Country
WWE
Puzzle
Song
Soccer
NFL
Pokémon
hide this ad
More By:
FireYeti
Quiz
Plays
Rating
Category
Featured
Created
Top 50 NBA Player Salaries (2013-2014)
110,599
4.65
Sports
Jan 25, 2014
NBA Players of the Month ('01-'02 - Present)
5,103
3.58
Sports
Sep 20, 2012
NBA Players with 50 point games (21st century)
5,062
4.17
Sports
Sep 21, 2012
NBA players with a 20 AST game (21st century)
3,656
4.25
Sports
Sep 22, 2012
NBA Top 100 Total Point Players [12/31/12]
819
3.88
Sports
Dec 31, 2012
Go to Creator's Profile
Score Distribution
Quiz Creator Spotlight
FireYeti
Follow
Send a Message
Quizzes Created
-
Created Quiz Play Count
-
More By This Creator
Popular Quizzes Today
1
Find the US States - No Outlines Minefield
2
Colored Red Africa Blitz
3
Find the 'City' Movie
4
5x2 Blitz: Bands
5
The Countries of the World
6
Find the Countries of Europe - No Outlines Minefield
7
Find the US States
8
US States
More Sports Quizzes
Anyone but Brett Favre
Curator's Pick
Trending Quizzes
Colored Red Europe Blitz I
Colored Red Africa Blitz II
Colored Red Europe Blitz II
Colored Red Africa Blitz III
Colored Red Europe Blitz III
Recently Updated
How Do You Spell That?
pecheneg
Godzilla Movies
pecheneg
Grab Bag: 4-10 Letters
pecheneg
2024 March Madness Bracket
pecheneg
Famous TV Couples
Peacemaker
Champions League XIs: Real Madrid
pecheneg
Largest US Cities 1790-2010
pecheneg
Rides in Walt Disney World
pecheneg
Most Oscar Losses (Acting)
pecheneg
Beyoncé Albums
pecheneg
Trending Topics
NBA
Disney
Marvel
Kpop
Harry Potter
Anime
Crossword
Puzzle
WWE
Song
Soccer
Country
NFL
Pokémon
The Office
Your Account Isn't Verified!
In order to create a playlist on Sporcle, you need to verify the email address you used during registration. Go to your
Sporcle Settings
to finish the process.
Report this User
Report this user for behavior that violates our
Community Guidelines
.
Details:
Send Report
Go to the Sporcle.com Mobile Site →
Comments